Oracles : how prediction markets turn employees into visionaries

Đã lưu trong:
Bibliografiske detaljer
Hovedforfatter:  Thompson, Donald N
Format: Sách
Sprog:Undetermined
Udgivet:  Harvard Business Review Press  2012
Fag:
Tags: Tilføj Tag
Ingen Tags, Vær først til at tagge denne postø!
Thư viện lưu trữ: Trung tâm Thư viện - Trường Đại học Công nghiệp TP. Hồ Chí Minh
LEADER 00586nam a2200157Ia 4500
001 UIH_03799
008 231011s9999 xx 000 0 und d
082 |a  658.40355 
100 |a  Thompson, Donald N 
245 0 |a  Oracles : how prediction markets turn employees into visionaries 
245 0 |c  Thompson, Donald N 
260 |b  Harvard Business Review Press 
260 |c  2012 
650 |a  Dự đoán kinh doanh; Quyết định; Hành vi tổ chức;  
927 |a Sách 
980 |a Trung tâm Thư viện - Trường Đại học Công nghiệp TP. Hồ Chí Minh